نصیب سے (ناولٹ) / (Record no. 191654)

MARC details
000 -LEADER
fixed length control field 00609nam a22001937a 4500
005 - DATE AND TIME OF LATEST TRANSACTION
control field 20220831120821.0
010 ## - LCCN (DPL NO)
LC control number UR-11690
020 ## - INTERNATIONAL STANDARD BOOK NUMBER
International Standard Book Number 9789391238933
Terms of availability 250.00
035 ## - SYSTEM CONTROL NUMBER
System control number U-10245
037 ## - SOURCE OF ACQUISITION
Source of stock number/acquisition DBAD/PUB
Stock number -
082 ## - DEWEY DECIMAL CLASSIFICATION NUMBER
Classification number ن
100 ## - MAIN ENTRY--PERSONAL NAME
Personal name یا سمین اختر
245 ## - TITLE STATEMENT
Title نصیب سے (ناولٹ) /
Statement of responsibility, etc یا سمین اختر
Medium ا ر د و
246 ## - VARYING FORM OF TITLE
Title proper/short title Naseeb Se (Novlet) /
Remainder of title by Yasmeen Akhtar
260 ## - PUBLICATION, DISTRIBUTION, ETC. (IMPRINT)
Place of publication, distribution, etc New Delhi
Name of publisher, distributor, etc Educational Publishing House
Date of publication, distribution, etc 2021 ء
270 ## - ADDRESS
Address H.O. D1/16, Ansari Road, Darya Ganj
City New Delhi
Postal code 110002
300 ## - PHYSICAL DESCRIPTION
Extent 116 ص
Dimensions 22cm(pbk)
942 ## - ADDED ENTRY ELEMENTS (KOHA)
Source of classification or shelving scheme Dewey Decimal Classification
Item type Urdu Bks
Classification part ن
Call number suffix ی ا س
Holdings
Withdrawn status Lost status Not for loan Collection code Home library Current library Date acquired Source of acquisition Cost, normal purchase price Full call number Barcode Copy number Cost, replacement price Koha item type
      Fiction Sarojini Nagar Sarojini Nagar 31/08/2022 DBAD/PUB 250.00 ن ی ا س U-10245 1 250.00 Urdu Bks

© Delhi Public Library
Hit Counter
free hit counter